Use of acoustic parameters measurements for evaluating the reliability criteria of machine parts and metalwork; Известия Томского политехнического университета [Известия ТПУ]; Неразрушающий контроль и диагностика

Detalhes bibliográficos
Parent link:Томский политехнический университет. Известия Томского политехнического университета [Известия ТПУ]/ Томский политехнический университет (ТПУ).— .— Томск: Изд-во ТПУ, 1998-2015.— 1684-8519
Неразрушающий контроль и диагностика.— 2008.— [С. 172-173]
Outros Autores: Zuev L. B., Semukhin B. S., Lunev A. G. Alexey Gennadievich, Nikitin E. S.
Resumo:Заглавие с титульного листа
Электронная версия печатной публикации
Idioma:russo
Publicado em: 2008
coleção:Ультразвуковой контроль и акустическая эмиссия
Assuntos:
Acesso em linha:http://www.lib.tpu.ru/fulltext/v/Bulletin_TPU/2008/v312/i2app/31.pdf
Formato: MixedMaterials Recurso Eletrônico Capítulo de Livro
KOHA link:https://koha.lib.tpu.ru/cgi-bin/koha/opac-detail.pl?biblionumber=173037

MARC

LEADER 00000naa2a2200000 4500
001 173037
005 20240613093907.0
035 |a (RuTPU)RU\TPU\book\187693 
035 |a RU\TPU\book\187691 
090 |a 173037 
100 |a 20091218d2008 k y0rusy50 ca 
101 0 |a rus 
102 |a RU 
135 |a drnn ---uucaa 
181 0 |a i  
182 0 |a b 
200 1 |a Use of acoustic parameters measurements for evaluating the reliability criteria of machine parts and metalwork  |f L. B. Zuev [et al.] 
203 |a Текст  |c электронный 
215 |a 1 файл (2 Мб) 
225 1 |a Ультразвуковой контроль и акустическая эмиссия 
300 |a Заглавие с титульного листа 
300 |a Электронная версия печатной публикации 
337 |a Adobe Reader 
461 1 |0 162495  |t Известия Томского политехнического университета [Известия ТПУ]  |f Томский политехнический университет (ТПУ)  |d 1998-2015  |9 162495  |a Томский политехнический университет  |c Томск  |n Изд-во ТПУ  |x 1684-8519 
463 1 |0 172956  |t Неразрушающий контроль и диагностика  |d 2008  |p 418 с.  |9 172956  |a Клименов, В. А. (российский ученый, специалист в области неразрушающего контроля ; 1951-)  |o Труды Международной научно-технической конференции, Томск 2008 г.  |v [С. 172-173] 
610 1 |a acoustic parameters 
610 1 |a акустические параметры 
610 1 |a measurements 
610 1 |a evaluating 
610 1 |a оценка 
610 1 |a machines 
610 1 |a машины 
610 1 |a parts 
610 1 |a детали 
610 1 |a metalwork 
610 1 |a металлообработка 
610 1 |a investigations 
610 1 |a исследования 
610 1 |a correlations 
610 1 |a корреляции 
610 1 |a ultrasound 
610 1 |a ультразвук 
610 1 |a propagation rate 
610 1 |a распространение 
610 1 |a chemical composition 
610 1 |a химическое строение 
610 1 |a structure-sensitive properties 
610 1 |a структурно-чувствительные свойства 
610 1 |a metals 
610 1 |a металлы 
610 1 |a alloys 
610 1 |a сплавы 
610 1 |a self-circulation 
610 1 |a самоциркуляция 
610 1 |a linear relations 
610 1 |a линейная зависимость 
610 1 |a strain 
610 1 |a напряжение 
610 1 |a stress 
610 1 |a давление 
610 1 |a linearity 
610 1 |a линейность 
610 1 |a materials 
610 1 |a материалы 
610 1 |a mechanical characteristics 
610 1 |a механические характеристики 
610 1 |a электронный ресурс 
610 1 |a скорость 
701 1 |a Zuev  |b L. B. 
701 1 |a Semukhin  |b B. S. 
701 1 |a Lunev  |b A. G.  |c physicist  |c associate Professor of Tomsk Polytechnic University, candidate of technical Sciences  |f 1978-  |g Alexey Gennadievich  |3 (RuTPU)RU\TPU\pers\32732 
701 1 |a Nikitin  |b E. S. 
801 1 |a RU  |b 63413507  |c 20090401  |g PSBO 
801 2 |a RU  |b 63413507  |c 20211118  |g RCR 
856 4 |u http://www.lib.tpu.ru/fulltext/v/Bulletin_TPU/2008/v312/i2app/31.pdf 
942 |c CF